[Event "E World Cup 2017"]
[Site "Tbilisi GEO"]
[Date "2017.09.05"]
[Round "1.1"]
[White "Aronian, Levon"]
[Black "Cawdery, Daniel"]
[Result "1-0"]
[WhiteElo "2799"]
[BlackElo "2449"]
[EventDate "2017.09.03"]
[Annotator "Bojkov,Dejan"]
[PlyCount "77"]
[Beauty "7770669585455"]
[EventType "schev"]
[EventRounds "5"]
[EventCountry "GEO"]

1.c4 Nf6 2.Nc3 d5 3.cxd5 Nxd5 4.g3 g6 5.Bg2 Nb6 6.d3 Bg7 7.Be3 Nc6 8.Bxc6+ bxc6 9.Qd2 h6 10.Rc1 Be6 11.Nf3 Bh3 12.Rg1 Bg4 13.Nh4 Nd5 14.Na4 Nxe3 15.fxe3 O-O 16.b3 Qd6 17.Qc2 Rad8 18.Qc5 Qe6 19.Ng2 g5 20.Qxc6 Qe5 21.Qc3 Qd6 22.Qc4 Be6 23.Qc5 Qa6 24.Qb4 Rb8 25.Qd2 Qd6 26.Nc5 Bd5 27.Qc2 f5 28.Kf2 Kh8 29.Rgf1 f4 30.gxf4 gxf4 31.e4 f3 32.exf3 Qxh2 33.Ke1 Bd4 34.Qd2 Bg8 35.Nd7 {Cawdery had played an excellent game until this moment.} 35...Rbd8 $2 {This loses prosaically.} ( {Instead} 35...Qg3+ $1 {would have been excellent for Black. After} 36.Kd1 Rxf3 37.Rxf3 Qxf3+ 38.Qe2 Qxe2+ 39.Kxe2 Rd8 $1 {Now White can hardly grab the pawn as} ( 39...Rb7 40.Nh4 ) ( {Or} 39...Rc8 40.Nh4 {when White is clearly better.} ) 40.Rxc7 $6 ( 40.Nc5 {might be betetr instead although Black is fine after} 40...Bf7 ) 40...Be6 41.Nc5 Bg4+ 42.Kd2 Rf8 {provides huge initiative for the second player thanks to the active pieces and the outside passer.} ) 36.Nxf8 Rxf8 37.Rc6 {There is nothing to play for.} 37...Kh7 ( 37...Qg3+ 38.Kd1 Rxf3 39.Rxh6+ ) 38.Kd1 Bf7 39.Nf4 1-0

[Event "E World Cup 2017"]
[Site "Tbilisi GEO"]
[Date "2017.09.05"]
[Round "1.1"]
[White "Eljanov, Pavel"]
[Black "Lenderman, Aleksandr"]
[Result "0-1"]
[WhiteElo "2734"]
[BlackElo "2565"]
[EventDate "2017.09.03"]
[Annotator "Bojkov,Dejan"]
[PlyCount "114"]
[Beauty "6530095132169"]
[EventType "schev"]
[EventRounds "5"]
[EventCountry "GEO"]

1.d4 Nf6 2.c4 e6 3.Nc3 Bb4 4.Qc2 O-O 5.a3 Bxc3+ 6.Qxc3 d5 7.Bg5 dxc4 8.Qxc4 b6 9.Rc1 Ba6 10.Qa4 Qd7 11.Qxd7 Nbxd7 12.Bxf6 Nxf6 13.e3 Bxf1 14.Kxf1 Rfc8 15.Rc6 Nd5 16.Nf3 Ne7 17.Rc2 f6 18.Ke2 Kf7 19.Rhc1 c6 20.Ne1 Ke8 21.Nd3 Kd7 22.g4 g5 23.h4 h6 24.Rh1 Rh8 25.e4 Ng6 26.h5 Ne7 27.Ke3 Rhf8 28.f3 a5 29.Rhc1 Ra7 30.Rc3 Rg8 31.b3 Rf8 32.Nb2 Re8 33.Nc4 Ra6 34.Kf2 Rd8 35.Rd3 Ke8 36.e5 f5 37.Nd6+ Kf8 38.d5 cxd5 39.Rc7 b5 40.Nxb5 Rc6 41.Nd4 Rxc7 42.Nxe6+ Kf7 43.Nxc7 d4 44.Nb5 Rd5 45.e6+ Kf6 46.Nxd4 Rd6 47.b4 axb4 48.axb4 f4 49.b5 Ke5 50.Rd2 Kf6 51.Ke1 Nd5 52.Re2 Ne3 53.e7 Kf7 54.Rd2 $4 {Inexplicable!} ( 54.Rxe3 {would be equal after} 54...fxe3 55.Nf5 Rd3 56.b6 Rb3 57.b7 Rb2 58.Kd1 Ke8 ( {Or} 58...e2+ ) ) 54...Rxd4 55.Rb2 Rd7 56.b6 Rb7 57.Ke2 Nd5 {[Dejan Bojkov]} 0-1

[Event "E World Cup 2017"]
[Site "Tbilisi GEO"]
[Date "2017.09.05"]
[Round "1.3"]
[White "Wei, Yi"]
[Black "Sambuev, Bator"]
[Result "1-0"]
[WhiteElo "2753"]
[BlackElo "2522"]
[EventDate "2017.09.03"]
[Annotator "Bojkov,Dejan"]
[PlyCount "77"]
[Beauty "7768656358927"]
[EventType "schev"]
[EventRounds "5"]
[EventCountry "GEO"]

1.Nf3 d5 2.c4 e6 3.d4 c6 4.g3 dxc4 5.Bg2 b5 6.Ne5 {After losing to Sambuev in the same type of position at round one Wei is determined to give the Canadian GM some of his own "medicine."} 6...Bb7 7.O-O a6 8.Nc3 Bb4 9.a4 Ne7 10.Ne4 ( 10.h4 {is another way to play this line-} 10...Nd7 11.Ne4 O-O 12.h5 {as in Maze,S (2559)-Zhigalko,S (2680) Aix les Bains 2011} ) 10...Nd7 $4 $146 {A horrible blunder! And a novelty which will not attract any followers!} ( {White was also clearly better in the only predecessor after:} 10...O-O 11.Bd2 c5 12.dxc5 Bxd2 13.Qxd2 Qxd2 14.Nxd2 Bxg2 15.Kxg2 {Bruzon Batista,L (2691) -Vera Gonzalez Quevedo,R (2482) Guarenas 2012} ) 11.Bd2 $1 {The bishop on b4 is blocked and without it Black's position falls appart.} 11...Bxd2 ( 11...f5 {would weaken another key pawn:} 12.Ng5 ( 12.Bxb4 {is not bad neither.} ) 12...Bxd2 13.Nxe6 {and White wins.} ) 12.Nd6+ {This is why the bishop was needed.} 12...Kf8 13.Nexf7 ( {There was an alternative solution-} 13.Nxb7 Qc7 14.Qxd2 Qxb7 15.Nxd7+ Qxd7 16.axb5 {and White wins.} ) 13...Qc7 14.Qxd2 Nc8 15.Qf4 {It is over. White regained the pawn and kept a decisive attack for free. He soon won material and the game.} 15...Nf6 ( 15...Rg8 16.Ng5+ Ke7 17.Qf7+ Kxd6 18.Qxe6# ) 16.Nxc8 Qxf4 17.gxf4 Rxc8 18.Nxh8 Nd5 19.axb5 cxb5 20.f5 Re8 21.Rfc1 exf5 22.Bxd5 Bxd5 23.Rxa6 Rxe2 24.Rd6 Bf3 25.Ra1 b4 26.d5 c3 27.bxc3 b3 28.Rd7 Re8 29.Rf7+ Kg8 30.Re7 Rd8 31.c4 Be4 32.Rb7 Bc2 33.Nf7 Rf8 34.Ng5 Rc8 35.Raa7 f4 36.Rxg7+ Kh8 37.Rxh7+ Bxh7 38.Rxh7+ Kg8 39.Rb7 {[Dejan Bojkov]} 1-0

[Event "E World Cup 2017"]
[Site "Tbilisi GEO"]
[Date "2017.09.07"]
[Round "2.2"]
[White "Cheparinov, Ivan"]
[Black "Navara, David"]
[Result "1-0"]
[WhiteElo "2695"]
[BlackElo "2720"]
[EventDate "2017.09.03"]
[Annotator "Bojkov,Dejan"]
[PlyCount "89"]
[Beauty "7353789317129"]
[EventType "schev"]
[EventRounds "5"]
[EventCountry "GEO"]

1.e4 e5 2.Nf3 Nc6 3.d4 exd4 4.Nxd4 Bc5 5.Nb3 Bb6 6.Nc3 Nf6 7.Bg5 h6 8.Bh4 d6 9.f3 Be6 ( 9...g5 10.Bg3 a6 11.Qd2 Qe7 12.O-O-O Be6 13.h4 O-O-O 14.Kb1 Nd7 15.Bf2 Qf6 {Dominguez Perez,L (2752)-Andreikin,D (2736) Novi Sad 2016} ) 10.Bb5 O-O 11.Bxc6 bxc6 12.Qe2 $146 ( 12.Qd3 g5 13.Bg3 Nh5 14.O-O-O Qf6 15.Na4 Nxg3 16.hxg3 Bf2 17.g4 c5 18.Qc3 Qg7 {Brown,M (2252)-Fodor,T (2505) Bournemouth 2016} ) 12...g5 13.Bf2 Bxb3 14.axb3 Nd5 15.Qd2 Nxc3 16.Qxc3 f5 17.Qc4+ Kg7 18.Qxc6 fxe4 19.Bxb6 axb6 20.Rxa8 Qxa8 21.Qxc7+ Kg8 22.O-O exf3 23.Qc4+ Kg7 24.Qc3+ Kg8 25.Rxf3 Rxf3 26.gxf3 Qd5 27.Kg2 b5 28.Kg3 Kf7 29.f4 Kg6 30.Qe3 Kf5 31.fxg5 hxg5 {Once again the blunder of the day came from the match Cheparinov-Navara. The Bulgarian grandmaster was pressing throughout the whole game, but when a chance to wrap up the game occurred he let it go.} 32.h3 $2 ( 32.Qf3+ $1 {would had won. The main line runs:} 32...Qxf3+ 33.Kxf3 Ke5 ( 33...g4+ {does not help neither} 34.Ke3 Kg5 ( 34...Ke5 35.b4 Kd5 36.Kf4 {and wins.} ) 35.b4 Kh4 36.c4 Kh3 37.Kf4 $1 {stopping all the counterplay.} ) ( {Or} 33...b4 34.c3 {creating a passer.} ) 34.Kg4 Kf6 35.b4 d5 36.c3 Kg6 37.Kf3 Kf5 38.Ke3 Kg4 39.Kd4 Kh3 40.Kxd5 g4 41.c4 Kxh2 42.cxb5 g3 43.b6 g2 44.b7 g1=Q 45.b8=Q+ {and the queens are traded with checks-} 45...Kh3 46.Qh8+ ) 32...Qc5 33.Qd3+ Kf6 34.Kf3 Qe5 {Luckily for him Cheparinov got another chance.} ( 34...b4 {would have prolonged the game at least.} ) 35.Qc3 $1 {This time everything works.} 35...Qxc3+ 36.bxc3 d5 ( 36...Ke5 37.Ke3 Kd5 38.Kd3 Ke5 39.c4 b4 40.c3 ) 37.Ke3 Ke5 38.Kd3 Kf4 39.Kd4 Kg3 40.Kxd5 Kxh3 41.c4 g4 42.c5 {The "c" pawn promotes with a check.} 42...g3 43.c6 g2 44.c7 g1=Q 45.c8=Q+ 1-0

[Event "E World Cup 2017"]
[Site "Tbilisi GEO"]
[Date "2017.09.07"]
[Round "2.2"]
[White "Adams, Michael"]
[Black "Rodshtein, Maxim"]
[Result "0-1"]
[WhiteElo "2738"]
[BlackElo "2695"]
[EventDate "2017.09.03"]
[Annotator "Bojkov,Dejan"]
[PlyCount "126"]
[Beauty "6187458239521"]
[EventType "schev"]
[EventRounds "5"]
[EventCountry "GEO"]

1.e4 e5 2.Nf3 Nc6 3.Bb5 Nf6 4.d3 Bc5 5.Bxc6 dxc6 6.O-O Bg4 7.h3 Bxf3 8.Qxf3 O-O ( 8...Nd7 9.Nd2 Qe7 10.a4 Nf8 11.Nc4 f6 12.Bd2 Ne6 13.Rab1 O-O 14.b4 Bd6 {Inarkiev,E (2680)-Jakovenko,D (2713) Khanty-Mansiysk 2013} ) 9.Nd2 Re8 10.Nc4 Nd7 11.Bd2 $146 ( 11.Qg3 f6 12.Be3 Bxe3 13.Nxe3 Nf8 14.Nf5 Qd7 15.f4 Kh8 {Inarkiev,E (2680)-Jakovenko,D (2713) Khanty-Mansiysk 2013} ) 11...Re6 12.g3 b5 13.Ne3 Bf8 14.a4 a6 15.Ra2 Nc5 16.axb5 axb5 17.Rfa1 Rxa2 18.Rxa2 Re8 19.Kg2 Ne6 20.Nf5 c5 21.Ra5 Qd7 22.Bc3 f6 23.b3 c6 24.h4 g6 25.Ne3 Bg7 26.Qg4 Rf8 27.Kg1 Qf7 28.Ra6 f5 29.exf5 gxf5 30.Qe2 Qb7 31.Ra2 Nd4 32.Bxd4 cxd4 33.Nf1 c5 34.Nd2 Bh6 35.Ra1 Qg7 36.Kh2 {Move of the day is the central break that Maxim Rodshtein delivered in his game to knock down Michael Adams.} 36...e4 $1 37.Rf1 ( {The tactical justification of the break was} 37.dxe4 d3 ) 37...e3 {Black took over the initiative and never let it go.} 38.Nf3 Kh8 39.fxe3 dxe3 40.Ng1 Rg8 41.Qf3 Qc3 42.Qe2 f4 43.g4 f3 $1 44.Nxf3 Rxg4 45.Kh3 Rg8 46.Rg1 Rf8 47.Rg4 Qf6 48.Ng5 Qf2 {This worked at the end.} ( {Here Rodshtein missed a straight win with:} 48...Bxg5 $1 49.hxg5 ( 49.Rxg5 Qf2 50.Rg2 Rf3+ {would be similar to the main line.} ) 49...Qf2 50.Rg2 Rf3+ 51.Kh2 Qh4+ 52.Kg1 Rh3 {and Black wins.} ) 49.Rg2 Bxg5 $1 50.Rxf2 exf2 51.Qf1 Be3 52.b4 cxb4 53.Qa1+ Kg8 54.Qf1 h5 55.Kh2 Kh7 56.Kh3 Rf4 57.d4 Bxd4 58.Kg2 Kh8 59.Kh3 Rf6 60.Kh2 Rf8 61.Kh3 Rf4 62.Kg2 Rg4+ 63.Kh2 Be5+ {[Dejan Bojkov]} 0-1

[Event "E World Cup 2017"]
[Site "Tbilisi GEO"]
[Date "2017.09.08"]
[Round "2.3"]
[White "Duda, Jan Krzysztof"]
[Black "Ivanchuk, Vassily"]
[Result "1/2-1/2"]
[WhiteElo "2707"]
[BlackElo "2728"]
[EventDate "2017.09.03"]
[Annotator "Bojkov,Dejan"]
[PlyCount "150"]
[Beauty "4467994990621"]
[EventType "schev"]
[EventRounds "5"]
[EventCountry "GEO"]

1.e4 c6 2.d4 d5 3.Nc3 dxe4 4.Nxe4 Nd7 5.Ng5 Ngf6 6.Bd3 e6 7.N1f3 Bd6 8.Qe2 h6 9.Ne4 Nxe4 10.Qxe4 Qc7 11.O-O b6 12.Qg4 Kf8 13.Re1 c5 14.Qh4 Bb7 15.Be4 Be7 16.Qh3 Bxe4 17.Rxe4 Rd8 18.c3 Qb7 19.Re2 Kg8 20.Bf4 Nf8 21.Rae1 Ng6 22.Bc1 cxd4 23.Nxd4 Kh7 24.Qf3 Qxf3 25.Nxf3 Rd7 26.g3 Rc8 27.h4 h5 28.Kf1 Kg8 29.Rd2 Rdc7 30.Rd3 Kf8 31.Bd2 Ke8 32.Bg5 f6 33.Be3 Kf7 34.Red1 b5 35.Rd7 Nf8 36.Rxc7 Rxc7 37.Ke2 Nd7 38.Kd3 a6 39.Ra1 Bc5 40.a4 b4 41.cxb4 Bxb4 42.Rc1 Rxc1 43.Bxc1 Bc5 44.Ke2 e5 45.Bd2 Ke6 46.Be1 Kd5 47.b3 e4 48.Nd2 Ne5 49.f3 f5 50.fxe4+ fxe4 51.Nf1 Nd3 52.Bc3 Nc1+ 53.Kd1 Nxb3 54.Bxg7 e3 55.Bb2 Ke4 56.Ke2 Bd4 57.Ba3 a5 58.g4 hxg4 59.Ng3+ Ke5 60.Nf1 Kf4 61.Bd6+ Ke4 62.Ng3+ Kd5 63.Bc7 Kc6 64.Bf4 Nc1+ 65.Kd1 Nd3 66.Bg5 Kd5 67.h5 Nf2+ 68.Ke2 Ne4 69.Nxe4 Kxe4 70.h6 g3 71.h7 g2 {The move of the day is the study that Duda created on the board:} 72.Bxe3 $1 Bxe3 73.h8=Q g1=Q 74.Qh1+ $3 Kd4 ( 74...Qxh1 {Stalemate!} ) 75.Qe4+ $1 Kxe4 {Stalemate! [Dejan Bojkov]} 1/2-1/2

[Event "E World Cup 2017"]
[Site "Tbilisi GEO"]
[Date "2017.09.09"]
[Round "3.1"]
[White "Ding, Liren"]
[Black "Vidit, Santosh Gujrathi"]
[Result "1/2-1/2"]
[WhiteElo "2777"]
[BlackElo "2693"]
[EventDate "2017.09.03"]
[Annotator "Bojkov,Dejan"]
[PlyCount "75"]
[Beauty "6254567102985"]
[EventType "schev"]
[EventRounds "5"]
[EventCountry "GEO"]

1.c4 c5 2.Nf3 Nc6 3.Nc3 Nf6 4.g3 d5 5.cxd5 Nxd5 6.Bg2 Nc7 7.a3 g6 8.h4 ( 8.d3 Bg7 9.Be3 Ne6 10.h4 h6 11.O-O Bd7 12.Ne4 b6 13.b4 cxb4 14.d4 f5 15.Ned2 Nc7 {Svidler,P (2759)-Karjakin,S (2774) Almaty 2016} ) 8...Bg4 $146 ( 8...h6 9.d3 Bg7 10.Be3 Ne6 11.O-O Qd7 12.Rc1 O-O 13.Na4 b6 14.b4 f5 {Svidler,P (2759)-Karjakin,S (2774) Almaty 2016} ) 9.d3 Bg7 10.Be3 Nd4 11.Bxd4 cxd4 12.Ne4 O-O 13.O-O b6 14.Rc1 Qd7 15.Nh2 Bf5 16.Ng5 Nd5 17.Qb3 Rfd8 18.g4 Be6 19.Nxe6 Qxe6 20.Rc2 Be5 21.Nf3 Bg7 22.g5 Qf5 23.Rfc1 Nf4 24.Bf1 h6 25.Rc7 Nd5 26.Rb7 hxg5 27.hxg5 {Blunder of the day. Vidit missed a chance to practically decide the game. Instead of} 27...Rdb8 {which led only to a draw,} ( {The Indian GM could had won with the brilliant idea:} 27...Qg4+ 28.Kh1 ( 28.Bg2 {loses simply after} 28...Nf4 29.Ne1 Nxe2+ ) 28...Be5 $3 {The threat is 29...Kg8-g7 and mate along the h-file. Black wins in all the lines:} 29.Bg2 ( 29.Nxe5 Qxg5 {regains the piece and wins at least a pawn.} ) ( 29.Rc6 {would allow the attack on the h-file} 29...Kg7 30.Bg2 Rh8+ 31.Kg1 Rh2 ) 29...Bd6 ( 29...Bb8 {would also do the job.} ) 30.Qxd5 Qh5+ 31.Kg1 Bh2+ 32.Nxh2 Rxd5 33.Bxd5 Qxg5+ ) 28.Rxb8+ Rxb8 29.Bh3 $1 {Reducing the attacking potential of the black pieces.} 29...Qxh3 30.Qxd5 Rc8 31.Rxc8+ Qxc8 32.Kg2 ( 32.Nxd4 $4 Qg4+ ) 32...Qg4+ 33.Kf1 Qh3+ 34.Kg1 Qg4+ 35.Kf1 Qh3+ 36.Kg1 Qg4+ 37.Kh2 Qf4+ 38.Kg2 {[Dejan Bojkov]} 1/2-1/2

[Event "E World Cup 2017"]
[Site "Tbilisi GEO"]
[Date "2017.09.09"]
[Round "3.1"]
[White "Carlsen, Magnus"]
[Black "Bu, Xiangzhi"]
[Result "0-1"]
[WhiteElo "2822"]
[BlackElo "2710"]
[EventDate "2017.09.03"]
[Annotator "Bojkov,Dejan"]
[PlyCount "74"]
[Beauty "7837644261430"]
[EventType "schev"]
[EventRounds "5"]
[EventCountry "GEO"]

1.e4 e5 2.Bc4 Nf6 3.d3 Nc6 4.Nf3 Be7 5.O-O O-O 6.Bb3 {Prophylaxis against 6...d7-d5.} ( {In case of} 6.c3 d5 7.exd5 Nxd5 8.Re1 Bg4 {White can hardly go for the e5 pawn as if} 9.h3 Bh5 10.g4 Bg6 11.Nxe5 Nxe5 12.Rxe5 Nb6 $1 {Puts a question on the bishop on c4 and the pawn on d3.} ) ( 6.Re1 {is the other prophylactical move.} ) 6...d6 ( {In comparison to the above-mentioned line} 6...d5 {is less effective. White goes} 7.exd5 Nxd5 8.Re1 ( 8.h3 {is a calmer way to play the position.} ) 8...Bg4 9.h3 Bh5 10.g4 Bg6 11.Nxe5 Nxe5 12.Rxe5 {and his bishop and pawn on d3 are safe. True, Kasparov tried this as Black against Kramnik in Novgorod 1995, but Carlsen and Bu probably knew something more about the position.} ) 7.c3 Be6 8.Re1 Qd7 9.Nbd2 Rab8 $146 {A novelty and a somewhat mysterious move, which prepares... d6-d5! The point is that after the trade on d5 Black often has problems with his e5 pawn. Bu wants to meet the Bb3-a4 idea with timely b7-b5, thus breaking the pin and safeguarding the pawn.} ( {Previously only} 9...Rad8 {has been tested with slow positional battle after} 10.Nf1 h6 11.h3 a6 12.Ng3 Rfe8 ( 12...d5 $5 ) 13.a4 {Lorenzini,M (2482)-Vajda,L (2612) Istanbul 2012} ) 10.Bc2 {A typical retreat to keep the tension.} 10...d5 $5 {Here we go. Black sacrifices his central pawn like in the Marshall line of the Ruy Lopez.} 11.h3 {And the World Champion rejects the offer. With this move White covers the g4 spot and threatens Nf3-g5.} ( {Apparently Carlsen disliked the black pieces getting too close to his king. After} 11.exd5 Bxd5 ( 11...Nxd5 {is also possible but a far inferior version of the game continuation for Black after} 12.Nxe5 Nxe5 13.Rxe5 Bd6 14.Re1 ) ( 11...Qxd5 12.Nc4 Nd7 13.Bb3 {looks awkward for Black.} ) 12.Nxe5 ( 12.Nc4 $5 ) 12...Nxe5 13.Rxe5 Bd6 14.Re1 Ng4 {is probably the move that annoyed Carlsen, although} ( 14...Rfe8 {should give Black compensation for a pawn similar to the Marshall Gambit.} ) 15.Nf1 {seems solid enough for White. Black however has compensation for a pawn after} 15...Rbe8 ) ( 11.Ng5 Bg4 {gives nothing to White.} ) 11...h6 ( 11...dxe4 {was also possible} 12.dxe4 h6 13.Qe2 {where White is a little better.} ) 12.exd5 {Nor Carlsen snatches the pawn, but he misses an important detail.} 12...Nxd5 13.Nxe5 Nxe5 14.Rxe5 Bd6 15.Re1 {This is inaccurate.} ( {Trickier was} 15.Re4 $5 {when} 15...Bxh3 {no longer works due to} ( {Which means that Black has to search for compensation with} 15...Nf6 $5 ) ( {Or} 15...f5 ) 16.gxh3 Qxh3 17.Nf3 Rbe8 18.Rh4 $1 ) 15...Bxh3 $1 {This detail! Black has either a guaranteed draw or a strong attack!} 16.gxh3 Qxh3 17.Nf1 {Carlsen decides to play for a win!} ( {A draw would be forced after} 17.Qf3 Bh2+ {is perpetual at once after} 18.Kh1 Bg3+ 19.Kg1 Rbe8 $5 {A winning attempt.} ( 19...Bh2+ {is perpetual at once after} 20.Kh1 Bg3+ ) 20.Re4 $1 ( {Not} 20.Rxe8 $2 Rxe8 21.fxg3 Re3 {and Black wins.} ) 20...Bh2+ {and perpetual.} ( {Black cannot play for a win} 20...f5 $2 21.Qxg3 ) ) 17...Rbe8 18.d4 {An inaccuracy according to Bu. The idea is Bc2-e4-g2 to cover the king.} ( 18.Bb3 c6 19.d4 {might transpose into the game.} ) ( {The Chinese grandmaster suggested instead} 18.Bd2 {This is also the computer's suggestion which claims equality. A possible line runs:} 18...g5 19.Rxe8 Rxe8 20.d4 c6 21.c4 Nf6 22.Be3 Ng4 23.Bf5 Bh2+ 24.Kh1 Bd6+ {with perpetual. Of course, this is just a fragment of the possibilities for both the sides, although it is clear that Black has all the fun.} ) 18...f5 $1 {This not only stops White's intentions but prepares a rook lift along the sixth rank.} 19.Bb3 ( {Another exciting computer line runs} 19.f4 Bxf4 20.Bb3 Bh2+ 21.Nxh2 Qg3+ 22.Kf1 Qh3+ 23.Kf2 ( 23.Kg1 Qg3+ ) 23...Qxh2+ 24.Kf1 Qh1+ {with perpetual.} ) 19...c6 20.f4 ( {It is too late for} 20.Bd2 {For example} 20...Kh7 21.Re2 Rf6 22.Ng3 Rg6 23.Qf1 Qh5 {and Black's attack seems crushing.} ) 20...Kh7 {Rf8-f6-g6 is in the air.} 21.Bxd5 $2 {Unsurprisingly, Carlsen got low on time and had to make difficult decisions with less and less resources.} ( 21.Re2 $1 {was best instead with the idea to get rid of the queens after} 21...Nxf4 22.Rh2 ) 21...cxd5 22.Re3 ( {If} 22.Re5 {both} 22...g5 ( {And the simple} 22...Bxe5 23.dxe5 g5 24.Qxd5 gxf4 {provide Black huge attack for free.} ) ) 22...Rxe3 23.Bxe3 g5 $1 {Very powerful play by Bu! Perhaps Carlsen underestimated this move. Now besides the rook, the f-pawns enter the attack. And a pawn may tip the attacking balance in Black's favor!} ( {White would have evacuated his king after} 23...Rf6 24.Kf2 Qh4+ 25.Ke2 ) 24.Kf2 ( {Here is a line where the f-pawn speaks for itself:} 24.fxg5 f4 25.Bf2 ( {Or} 25.Qc2+ Rf5 26.Bxf4 ( 26.Bf2 f3 $1 27.Bh4 hxg5 ) 26...Bxf4 ) 25...f3 ) 24...gxf4 25.Qf3 {The most resilient.} ( {White is getting mated after} 25.Bd2 Qh4+ 26.Ke2 f3+ $1 {For example:} 27.Kxf3 Rg8 28.Qc2 Qg4+ 29.Kf2 Bg3+ 30.Nxg3 Qxg3+ 31.Ke2 Qg2+ 32.Kd1 Qf3+ 33.Kc1 Rg1+ ) 25...fxe3+ 26.Nxe3 Qh2+ 27.Kf1 {Black regained the pawn and is in fact up in material. He also kept a huge attack and is obviously winning.} 27...Rg8 ( {Black avoids any complications possible after} 27...Qxb2 28.Re1 Qxc3 29.Qxd5 ) ( {Right after the game Bu thought that the text move was a mistake and he suggested} 27...Bf4 {or} ) ( 27...Rf6 {but ... Rg8 is fine.} ) 28.Qxf5+ Rg6 29.Ke1 {Missed by Bu.} ( 29.Re1 {would not help neither after} 29...Kg7 30.Qd7+ Kh8 31.Qd8+ Rg8 32.Qf6+ Rg7 33.a3 ( 33.Nxd5 Qg2# ) 33...Kg8 34.Ng4 Qh3+ ) 29...h5 {Bu slips a step away from the win. With 20 minutes on the clock against seconds for his opponent the Chinese GM loses his calm.} ( 29...Kg7 $1 {would had won. The position is very complicated and there are plenty of checks but Black can escape those-} 30.Qd7+ Kh8 31.Qd8+ Kh7 32.Qd7+ Rg7 33.Qf5+ Kh8 34.Rc1 ( 34.Rd1 Rg1+ 35.Nf1 Bg3+ 36.Qf2 Qxf2# ) ( 34.Qc8+ Rg8 35.Qf5 Rg1+ 36.Nf1 Qxb2 ) 34...Rg1+ 35.Nf1 Qxb2 {and Black wins.} ) 30.Kd1 {Played with five seconds on the clock!} ( {Carlsen missed a chance to complicate matters with} 30.Rd1 $1 {Bringing the rook into the game.} 30...Kh6 31.Rd2 Rg1+ 32.Nf1 Qf4 33.Qe6+ Rg6 34.Qe8 {Black is still much better, but not certainly winning.} ) 30...Kh6 {Now it is practically over. Black combines the advance of the h-passer with the attack against the enemy king to wrap the game up.} 31.Nc2 h4 32.Ne1 h3 ( {Still avoiding the small fish} 32...Qxb2 ) 33.Nf3 Qg2 34.Ne1 Qg4+ 35.Qxg4 Rxg4 36.Nf3 Rg1+ $1 {A neat finish of a brilliant game!} 37.Nxg1 h2 0-1